BTS - All of Their Songs - Statistics

General Stats
  • This quiz has been taken 46 times
    22 since last reset
  • The average score is 143 of 454
Answer Stats
all songs in order Answer % Correct
RM - Right Place, Wrong Person ?
100%
J-Hope - Jack in the box =
100%
2 Cool 4 Skool Like
100%
O!Rul8,2? N.O.
92%
PROOF N.O
92%
2 Cool 4 Skool | PROOF No More Dream
83%
ARIRANG Hooligan
75%
V & Jin - Hwarang: The Poet Warrior Youth OST Its Definitely You
75%
Map of the Soul: 7 | PROOF ON
75%
The Most Beautiful Moment in Life Pt. 2 RUN
75%
PROOF | The Most Beautiful Moment in Life: Young Forever Run
75%
PROOF | You Never Walk Alone Spring Day
75%
ARIRANG 2.0
67%
ARIRANG Aliens
67%
Wings | You Never Walk Alone Blood Sweat & Tears
67%
PROOF Blood, sweat & tears
67%
ARIRANG Body to Body
67%
PROOF | Skool Luv Affair Boy In Luv
67%
PROOF | Single 2021 Butter
67%
Dark & Wild | PROOF Danger
67%
Love Yourself: Answer | Love Yourself: Her | PROOF DNA
67%
BE | PROOF | Single 2020 Dynamite
67%
The Most Beautiful Moment in Life: Young Forever FIRE
67%
PROOF Fire
67%
ARIRANG FYA
67%
ARIRANG Into the Sun
67%
Agust D - Debut Mixtape | J-Hope - Jack in the box Intro
67%
Skool Luv Affair Just One Day
67%
RM - Debut Mixtape Life
67%
Agust D - D-Day | BE | PROOF Life Goes On
67%
ARIRANG Merry Go Round
67%
Single (Coldplay) My Universe
67%
RM - Indigo No. 2
67%
ARIRANG One More Night
67%
Love Yourself: Her Pied Piper
67%
ARIRANG Please
67%
Jungkook - Golden | Jungkook - Single Seven
67%
2 Cool 4 Skool We are Bulletproof Pt.2
67%
J-Hope - Hope World Airplane
58%
Love Yourself: Answer | Love Yourself: Tear Anpanman
58%
Map of the Soul: 7 Black Swan
58%
V - Layover Blue
58%
Love Yourself: Answer | PROOF Euphoria
58%
Love Yourself: Answer | Love Yourself: Tear | PROOF FAKE LOVE
58%
Jimin - Single | Map of the Soul: 7 | PROOF Filter
58%
The Most Beautiful Moment in Life: Young Forever House Of Cards
58%
Love Yourself: Answer | PROOF IDOL
58%
PROOF | Skool Luv Affair Jump
58%
ARIRANG Like Animals
58%
Jimin - Face Like Crazy
58%
ARIRANG No. 29
58%
ARIRANG Normal
58%
BE | PROOF Stay
58%
ARIRANG SWIM
58%
ARIRANG they don't know bout us
58%
Love Yourself: Answer | Love Yourself: Tear Airplane Pt. 2
50%
Map of the Soul: 7 | Map of the Soul: Persona | PROOF Boy With Luv
50%
O!Rul8,2? Coffee
50%
The Most Beautiful Moment in Life Pt. 1 | The Most Beautiful Moment in Life: Young Forever Converse High
50%
Map of the Soul: 7 | Map of the Soul: Persona Dionysus
50%
Map of the Soul: 7 | PROOF | V & Jimin - Single Friends
50%
V - Single FRI(END)S
50%
Love Yourself: Answer | Love Yourself: Her Go Go
50%
Map of the Soul: Persona HOME
50%
Map of the Soul: 7 | Map of the Soul: Persona | PROOF Jamais Vu
50%
Wings | You Never Walk Alone MAMA
50%
Love Yourself: Answer | Love Yourself: Her MIC Drop
50%
Map of the Soul: Persona Mikrokosmos
50%
The Most Beautiful Moment in Life: Young Forever Save Me
50%
Love Yourself: Answer | PROOF Singularity
50%
Jungkook - Golden Standing Next to You
50%
Single 2023 Take Two
50%
Jimin - Muse Who
50%
RM - Indigo Wild Flower
50%
Wings | You Never Walk Alone 2! 3!
42%
Jungkook - Golden | Jungkook - Single 3d
42%
Agust D - Debut Mixtape Agust D
42%
J-Hope - Jack in the box Arson
42%
Single (Benny Blanco & Snoop Dogg) Bad Decision
42%
Wings | You Never Walk Alone Begin
42%
PROOF | The Most Beautiful Moment in Life Pt. 1 Boyz With Fun
42%
The Most Beautiful Moment in Life Pt. 2 | The Most Beautiful Moment in Life: Young Forever Butterfly
42%
J-Hope & Becky G - Single Chicken Noodle Soup
42%
RM - Indigo Closer
42%
PROOF | The Most Beautiful Moment in Life: Young Forever I Need U
42%
2 Cool 4 Skool Interlude
42%
Jimin - Single | Wings | You Never Walk Alone Lie
42%
Love Yourself: Answer | Love Yourself: Tear Magic Shop
42%
Map of the Soul: 7 | Map of the Soul: Persona Make It Right
42%
RM & Megan Thee Stallion - Single Neva Play
42%
Dark & Wild Rain
42%
Jimin - Single | Love Yourself: Answer Serendipity
42%
Jimin - Face | Jimin - Single Set Me Free Pt. 2
42%
Jungkook - Golden Shot Glass of Tears
42%
The Most Beautiful Moment in Life Pt. 2 | The Most Beautiful Moment in Life: Young Forever Silver Spoon
42%
Skool Luv Affair Spine Breaker
42%
Jungkook & Suga - 7 Fates: CHAKHO OST | Jungkook - Single Stay Alive
42%
Wings | You Never Walk Alone Stigma
42%
PROOF Still with you
42%
Jungkook - Single Still With You
42%
Skool Luv Affair Tomorrow
42%
Map of the Soul: 7 We are Bulletproof the Eternal
42%
Jungkook - Golden Yes or No
42%
Map of the Soul: 7 | PROOF 00:00
33%
Wings | You Never Walk Alone 21st Century Girl
33%
Dark & Wild 24/7 = Heaven
33%
Wings | You Never Walk Alone Awake
33%
Jimin - Muse Be Mine
33%
BE Blue & Grey
33%
PROOF Born Singer
33%
Jungkook - Golden Closer To You
33%
ARIRANG Come Over
33%
Agust D - D-Day D-Day
33%
Love Yourself: Answer | Love Yourself: Her | PROOF Dimple
33%
BE Dis-ease
33%
The Most Beautiful Moment in Life Pt. 1 | The Most Beautiful Moment in Life: Young Forever DOPE
33%
Love Yourself: Answer | PROOF Epiphany
33%
Jimin - Face Face-off
33%
BE Fly To My Room
33%
Single 2016 FOR YOU
33%
Agust D - D-Day Haegeum
33%
Jungkook - Golden Hate You
33%
O!Rul8,2? If I Ruled The World
33%
Love Yourself: Answer I'm Fine
33%
2 Cool 4 Skool Intro 2 Cool 4 Skool
33%
J-Hope - Single Killin It Girl
33%
Dark & Wild Let Me Know
33%
Dark & Wild Look Here
33%
Love Yourself: Tear Love Maze
33%
V - Layover | V - Single Love Me again
33%
The Most Beautiful Moment in Life Pt. 2 | The Most Beautiful Moment in Life: Young Forever Ma City
33%
Skool Luv Affair Miss Right
33%
J-Hope - Single MONA LISA
33%
Map of the Soul: 7 | PROOF Moon
33%
J-Hope - Jack in the box | J-Hope - Single More
33%
Map of the Soul: 7 My Time
33%
You Never Walk Alone Not Today
33%
Map of the Soul: 7 | PROOF Outro Ego
33%
Love Yourself: Tear Paradise
33%
Wings | You Never Walk Alone Reflection
33%
V - Layover Slow Dancing
33%
Love Yourself: Tear So What
33%
Jin - Single Super Tuna
33%
Love Yourself: Answer Tear
33%
BE Telepathy
33%
Jin - Single The Astronaut
33%
Love Yourself: Answer | Love Yourself: Tear The Truth Untold
33%
Jungkook - Golden Too Sad to Dance
33%
Map of the Soul: 7 UGH!
33%
Jimin & Taeyang - Single Vibe
33%
PROOF Yet To Come
33%
You Never Walk Alone You Never Walk Alone
33%
Love Yourself: Tear 134340
25%
Jin - Single Abyss
25%
BTS World: Original Soundtrack All Night
25%
Jimin - Face Alone
25%
Wings | You Never Walk Alone Am I Wrong
25%
Agust D - D-Day Amygdala
25%
Jin - Our Beloved Summer OST Christmas Tree
25%
Jimin - Muse | Jimin - Single Closer Than This
25%
O!Rul8,2? Cypher Pt. 1
25%
Wings | You Never Walk Alone Cypher pt. 4
25%
J-Hope - Hope World Daydream
25%
Wings | You Never Walk Alone First Love
25%
PROOF For Youth
25%
Love Yourself: Answer | PROOF Her
25%
Dark & Wild Hip Hop Phile
25%
Jin - Happy | Jin - Single I'll Be There
25%
Map of the Soul: 7 Inner Child
25%
O!Rul8,2? Intro O!Rul8,2?
25%
Map of the Soul: 7 | Map of the Soul: Persona | PROOF Intro Persona
25%
Wings | You Never Walk Alone Lost
25%
RM - Right Place, Wrong Person Lost!
25%
Map of the Soul: 7 Louder than bombs
25%
The Most Beautiful Moment in Life Pt. 1 | The Most Beautiful Moment in Life: Young Forever Moving On
25%
Jungkook - Single Never Let Go
25%
O!Rul8,2? Outro Luv in Skool
25%
Skool Luv Affair Outro Propose
25%
You Never Walk Alone Outro Wings
25%
Agust D - D-2 People
25%
Agust D - D-Day | Agust D - Single People Pt. 2
25%
Jungkook - Golden Please Don't Change
25%
V - Layover | V - Single Rainy Days
25%
Map of the Soul: 7 Respect
25%
PROOF Seesaw
25%
BE Skit
25%
Agust D - Debut Mixtape skit
25%
V - Single Snow Flower
25%
Jungkook - Golden Somebody
25%
RM - Indigo Still Life
25%
Agust D - Debut Mixtape The Last
25%
Jin - Single Tonight
25%
O!Rul8,2? We On
25%
The Most Beautiful Moment in Life Pt. 2 | The Most Beautiful Moment in Life: Young Forever Whalien 52
25%
V - Single Winter Bear
25%
Jimin - Our Blues OST With You
25%
PROOF Young Forever
25%
RM & V - Single 4 O'Clock
17%
BTS World: Original Soundtrack A Brand New Day
17%
RM - Indigo All Day
17%
Love Yourself: Answer Answer Love Myself
17%
The Most Beautiful Moment in Life Pt. 2 | The Most Beautiful Moment in Life: Young Forever Autumn Leaves
17%
J-Hope - Hope World Baseline
17%
Love Yourself: Answer | Love Yourself: Her Best of Me
17%
J-Hope - Hope World | J-Hope - Single Blue Side
17%
RM - Single Come back to me
17%
RM - Right Place, Wrong Person Come Back to Me
17%
RM, Suga & J-Hope - Single Ddaeng
17%
RM - Right Place, Wrong Person Domodachi
17%
Jin - Echo Don't Say You Love Me
17%
Jungkook - Single Dreamers
17%
Jin - Happy Falling
17%
V - Layover For Us
17%
J-Hope - Hope World Hangsang
17%
BTS World: Original Soundtrack Heartbeat
17%
Jin - Happy Heart on the Window
17%
RM - Right Place, Wrong Person Heaven
17%
RM - Indigo Hectic
17%
The Most Beautiful Moment in Life Pt. 1 | The Most Beautiful Moment in Life: Young Forever Hold Me Tight
17%
J-Hope - Hope World Hope World
17%
J-Hope - HOPE ON THE STREET VOL.1 I don't know
17%
The Most Beautiful Moment in Life Pt. 1 I NEED YOU
17%
Agust D - D-Day Interlude Dawn
17%
Map of the Soul: 7 Interlude Shadow
17%
Wings Intro Boy Meets Evil
17%
You Never Walk Alone Intro: Boy Meets Evil
17%
The Most Beautiful Moment in Life Pt. 2 Intro Never Mind
17%
Love Yourself: Tear Intro Singularity
17%
Skool Luv Affair Intro Skool Luv Affair
17%
The Most Beautiful Moment in Life: Young Forever Intro The Most Beautiful Moment in Life
17%
J-Hope - HOPE ON THE STREET VOL.1 I wonder
17%
J-Hope - HOPE ON THE STREET VOL.1 lock/unlock
17%
RM - Indigo Lonely
17%
Jin - Echo Loser
17%
RM - Mono moonchild
17%
Agust D - D-2 Moonlight
17%
J-Hope - Jack in the box Music Box
17%
Jungkook - Single My You
17%
J-Hope - HOPE ON THE STREET VOL.1 NEURON
17%
RM - Right Place, Wrong Person Nuts
17%
J-Hope - HOPE ON THE STREET VOL.1 on the street
17%
2 Cool 4 Skool Outro Circle Room Cypher
17%
The Most Beautiful Moment in Life Pt. 2 Outro House of Cards
17%
Love Yourself: Tear Outro Tear
17%
J-Hope - Jack in the box Pandora's Box
17%
Agust D - D-Day Polar Night
17%
Jin - Echo Rope It
17%
Jin - Happy Running Wild
17%
Agust D - D-Day SDL
17%
RM - Mono seoul
17%
Jimin - Muse Slow Dance
17%
Jimin - Muse Smeraldo Garden Marching Band
17%
Dark & Wild So 4 More
17%
Agust D - Debut Mixtape So Far Away
17%
J-hope & Miguel - Single Sweet Dreams
17%
Agust D - Debut Mixtape | PROOF Tony Montana
17%
Agust D - D-2 28
8%
Jin - Happy Another Level
8%
RM - Right Place, Wrong Person Around The World In A Day
8%
Jin - Echo Background
8%
RM - Single Bicycle
8%
Agust D - D-2 Burn it
8%
RM - Single Change
8%
RM - Indigo Change Pt.2
8%
Jimin - Single Christmas Love
8%
Single 2017 Come Back Home
8%
Dark & Wild Could You Turn Off Your Cellphone
8%
RM - Right Place, Wrong Person Credit Roll
8%
Skool Luv Affair Cypher Pt. 2 Triptych
8%
Dark & Wild | PROOF Cypher Pt. 3 KILLER
8%
Agust D - D-2 Dear My Friend
8%
BTS World: Original Soundtrack Dream Glow
8%
The Most Beautiful Moment in Life: Young Forever Epilogue Young Forever
8%
RM & Mandy Ventrice - Fantastic Four OST | RM - Single Fantastic
8%
RM - Indigo Forg_tful
8%
J-Hope - Jack in the box Future
8%
Agust D - Debut Mixtape give it to me
8%
RM - Right Place, Wrong Person Groin
8%
Agust D - D-2 Honsool
8%
Agust D - D-Day Huh?!
8%
Jimin - Face Interlude Dive
8%
Dark & Wild Interlude What Are You Doing Now
8%
Wings Interlude Wings
8%
Love Yourself: Her Intro Serendipity
8%
Jin - Happy I Will Come to You
8%
RM - Debut Mixtape Joke
8%
The Most Beautiful Moment in Life: Young Forever Love Is Not Over
8%
RM - Debut Mixtape Monster
8%
Love Yourself: Her Outro Her
8%
The Most Beautiful Moment in Life Pt. 1 Outro Love is Not Over
8%
J-Hope - Hope World P.O.P.
8%
RM - Right Place, Wrong Person Right Place, Wrong Person
8%
J-Hope - Jack in the box Safety Zone
8%
V - Single Scenery
8%
Love Yourself: Her Sea
8%
2 Cool 4 Skool Skit Circle Room Talk
8%
The Most Beautiful Moment in Life Pt. 1 Skit Expectation!
8%
The Most Beautiful Moment in Life Pt. 2 Skit One Night In A Strange City
8%
O!Rul8,2? Skit R U Happy Now?
8%
Skool Luv Affair Skit Soulmate
8%
Agust D - D-Day Snooze
8%
J-Hope - Jack in the box Stop
8%
Agust D - D-2 Strange
8%
V - Itaewon Class OST Sweet Night
8%
OST The Planet
8%
RM - Mono tokyo
8%
Jungkook - Single Too Much
8%
Love Yourself: Answer Trivia Just Dance
8%
Love Yourself: Answer Trivia Love
8%
Love Yourself: Answer | PROOF Trivia Seesaw
8%
Dark & Wild War of Harmone
8%
J-Hope - Jack in the box What If...
8%
J-Hope - HOPE ON THE STREET VOL.1 what if...
8%
Skool Luv Affair Where Did You Come From
8%
Jin - Echo With the Clouds
8%
Jin - Jirisan OST | Jin - Single Yours
8%
RM - Indigo Yun
8%
Agust D - Debut Mixtape 140503 at dawn
0%
J-Hope - Single 1 Verse
0%
Agust D - Debut Mixtape 7244148
0%
V & Jimin - Single 95 Graduation
0%
Agust D - D-2 A Bad Blow
0%
RM - Debut Mixtape Adrift
0%
RM - Single Always
0%
RM - Debut Mixtape Awakening
0%
RM - Mono badbye
0%
Dark & Wild Embarrased
0%
RM - Mono everythinggoes
0%
RM - Mono forever rain
0%
RM - Debut Mixtape God Rap
0%
RM - Debut Mixtape I Believe
0%
Skool Luv Affair I Like It
0%
Agust D - Debut Mixtape Interlude Dream, Reality
0%
Agust D - D-2 Interlude Set Me Free
0%
Jimin - Muse Interlude Showtime
0%
The Most Beautiful Moment in Life Pt. 1 Intro Blooming Youth
0%
Jimin - Muse Intro Rebirth
0%
Dark & Wild Intro What I Am To You
0%
J-hope & Pharrell Williams - Single LV Bag
0%
Jin - Echo Nothing Without Your Love
0%
RM - Right Place, Wrong Person Out Of Love
0%
Dark & Wild Outro Does That Make Sense?
0%
O!Rul8,2? Palso Gangsan
0%
RM & Warren G- Single PDD
0%
PROOF Quotation Mark
0%
2 Cool 4 Skool Road/Path
0%
RM - Debut Mixtape Rush
0%
Love Yourself: Her Skit Billboard Music Awards Speech
0%
Love Yourself: Her Skit Hesitation and Fear
0%
2 Cool 4 Skool Skit On the Start Line
0%
V - Single Someone Like You
0%
J-Hope - Single SPAGHETTI
0%
RM - Single Stop The Rain
0%
O!Rul8,2? The Rose of Bangtan
0%
RM - Debut Mixtape Throw Away
0%
Jin - Echo To Me, Today
0%
RM - Mono uhgoof
0%
RM - Debut Mixtape Voice
0%
Agust D - D-2 What Do You Think
0%
PROOF Young Love
0%
No matching quizzes found
Score Distribution
Percent of People with Each Score
Percentile by Number Answered
Your Score History
You have not taken this quiz since the last reset